Metody preobrazovanija i vydelenija izmeriteľnoj informacii iz garmoničeskich signalov.

Uložené v:
Podrobná bibliografia
Hlavný autor: Skripnik, Jurij Aleksejevič
Médium: Kniha
Jazyk:Slovak
Vydané: 1971.
Tagy: Pridať tag
Žiadne tagy, Buďte prvý kto otaguje tento záznam!

MARC

LEADER 00000nam a22000004a 4500
001 000544521
005 20170608094400.0
008 170608s1971 xo e 000 0 slo d
040 |a SVKKK  |b slo  |c SVKKK  |e AACR2 
100 1 |a Skripnik, Jurij Aleksejevič 
245 1 0 |a Metody preobrazovanija i vydelenija izmeriteľnoj informacii iz garmoničeskich signalov. 
260 |c 1971. 
500 |a Záznam revízie 
910 |a svkkk 
998 |a BK 
090 |g SCKHL  |k Sklad  |a X0.10707  |j 045630  |i 544521-10  |4 Zastaraná  |s Vyradená